[Event "110th ch-GBR 2024"]
[Site "Hull ENG"]
[Date "2024.08.03"]
[Round "8.38"]
[White "Larkin, Benjamin"]
[Black "Kalaiyalahan, Akshaya"]
[Result "0-1"]
[BlackTitle "FM"]
[WhiteElo "1952"]
[BlackElo "2137"]
[WhiteFideId "479977"]
[BlackFideId "422894"]
[EventDate "2024.07.27"]

1. e4 c5 2. Nf3 Nc6 3. Bb5 g6 4. Bxc6 dxc6 5. d3 Bg7 6. h3 Nf6 7. Be3 Nd7 8. c3
O-O 9. O-O b6 10. Qc2 e5 11. d4 cxd4 12. cxd4 Bb7 13. Nc3 exd4 14. Bxd4 Bh6 15.
Rfe1 c5 16. Be3 Bg7 17. Rad1 Qc7 18. Nb5 Qc6 19. Nd6 Ne5 20. Nxe5 Bxe5 21. Nxb7
Qxb7 22. Rd5 Qc7 23. Red1 Rfd8 24. Bh6 Qe7 25. Be3 Rxd5 26. Rxd5 Rd8 27. Rxd8+
Qxd8 28. b3 Qd6 29. g3 Bxg3 0-1

[Event "110th ch-GBR 2024"]
[Site "Hull ENG"]
[Date "2024.08.03"]
[Round "8.39"]
[White "Verma, Shlok"]
[Black "Mitchell, Martin"]
[Result "1-0"]
[WhiteElo "2102"]
[BlackElo "2159"]
[WhiteFideId "441228"]
[BlackFideId "2400634"]
[EventDate "2024.07.27"]

1. d4 Nf6 2. c4 e6 3. Nf3 c5 4. d5 exd5 5. cxd5 d6 6. Nc3 g6 7. Bf4 Bg7 8. h3
O-O 9. e3 Re8 10. Bd3 Na6 11. Bxa6 bxa6 12. Rc1 Rb8 13. b3 c4 14. bxc4 Nh5 15.
Bh2 Bxc3+ 16. Rxc3 Qa5 17. Qc1 Rb1 18. Qxb1 Qxc3+ 19. Nd2 Bf5 20. Qb3 Qa1+ 21.
Qd1 Qxa2 22. g4 Bc2 23. Qc1 Nf6 24. Bxd6 Ne4 25. Qa3 Bb3 26. Qxa2 Bxa2 27. Nxe4
Rxe4 28. O-O Bxc4 29. Rd1 Bb5 30. Bc7 Kf8 31. Bb8 Ke7 32. Bxa7 Kd7 33. f3 Rc4
34. Kf2 a5 35. Rb1 Ba6 36. Rb6 Bc8 37. Rb5 a4 38. Ra5 Bb7 39. e4 f5 40. Ke3 fxe4
41. fxe4 Rc3+ 42. Kf4 a3 43. h4 Rc4 44. Ke5 Rc3 45. Ra4 Rh3 46. g5 Rxh4 47. Be3
Rh5 48. Rxa3 h6 49. Ra7 Kc8 50. d6 hxg5 51. d7+ Kxd7 52. Rxb7+ 1-0

[Event "110th ch-GBR 2024"]
[Site "Hull ENG"]
[Date "2024.08.03"]
[Round "8.40"]
[White "Verma, Aditya"]
[Black "Saunders, Aron"]
[Result "1/2-1/2"]
[WhiteElo "2118"]
[BlackElo "2105"]
[WhiteFideId "426202"]
[BlackFideId "469343"]
[EventDate "2024.07.27"]

1. e4 c6 2. d4 d5 3. f3 dxe4 4. fxe4 e5 5. Nf3 Bg4 6. c3 Nd7 7. Bd3 Bd6 8. O-O
Ngf6 9. Nbd2 b5 10. a4 a6 11. h3 Bh5 12. Qc2 O-O 13. Nh4 Bg6 14. Nxg6 hxg6 15.
Nf3 Rb8 16. axb5 axb5 17. Be3 Qe7 18. Ra7 Rfc8 19. dxe5 Bxe5 20. Nxe5 Qxe5 21.
Qf2 Qe8 22. Bc2 Ra8 23. Rfa1 Rxa7 24. Rxa7 Ra8 25. Qf4 Rxa7 26. Bxa7 c5 27. Qd6
Nxe4 28. Bxe4 Qxe4 29. Qxd7 Qe1+ 1/2-1/2

[Event "110th ch-GBR 2024"]
[Site "Hull ENG"]
[Date "2024.08.03"]
[Round "8.41"]
[White "Arnott, Jonathan W"]
[Black "Dicen, Elis Denele"]
[Result "1/2-1/2"]
[WhiteTitle "CM"]
[BlackTitle "WCM"]
[WhiteElo "2089"]
[BlackElo "2060"]
[WhiteFideId "408077"]
[BlackFideId "462560"]
[EventDate "2024.07.27"]

1. e4 c5 2. Nf3 d6 3. d4 cxd4 4. Nxd4 Nf6 5. Nc3 a6 6. Qf3 e6 7. g4 Qc7 8. g5
Nfd7 9. Qh3 Be7 10. g6 Nf6 11. gxf7+ Kxf7 12. Rg1 Nc6 13. Qg3 g6 14. Be3 Bd7 15.
f4 Rhg8 16. Nf3 b5 17. Bh3 h6 18. e5 Nh5 19. Qf2 d5 20. O-O-O Rac8 21. Rg2 Ng7
22. Rdg1 Nf5 23. Bb6 Qb8 24. Bxf5 gxf5 25. Rxg8 Rxg8 26. Bc5 Bxc5 27. Qxc5 Rxg1+
28. Qxg1 Qg8 29. Qxg8+ Kxg8 30. Ne2 Kf7 31. Kd2 Ke7 32. Ke3 Be8 33. Nfd4 Na5 34.
b3 Kd7 35. Nc1 Nb7 36. Nd3 Bf7 37. b4 Kc7 38. Nb3 Nd8 39. Ndc5 Kb6 40. Nd7+ Kb7
41. Kd4 Nc6+ 42. Kc5 Kc7 43. Nf6 Ne7 44. Kd4 Nc6+ 45. Kc3 Ne7 46. Kd3 Ng6 47.
Ke3 Nh4 48. c3 Ng6 49. Nc5 Kb6 50. Kf3 Ka7 51. Kg3 Ne7 52. Kf2 Ng6 53. Ke3 Ne7
54. a3 Nc6 55. Nfd7 Nd8 56. Nf8 Kb6 57. Kd3 Ka7 58. Kc2 Kb6 59. Kb3 Ka7 60. Kc2
Kb6 61. h3 Ka7 62. Kd2 Kb6 63. Ke3 Ka7 64. h4 Kb6 65. Ke2 Bh5+ 66. Kf2 Bf7 67.
Ke3 Ka7 68. Ncd7 Nc6 69. h5 Nd8 70. Ng6 Kb7 71. Nf6 Kc7 72. Kd4 Kb6 73. Nf8 Nc6+
74. Ke3 Nd8 75. N8h7 Kc6 76. Ng5 Kc7 77. Nf3 Kc6 78. Nh4 Kc7 79. Ng6 Nc6 80. Nh8
Nd8 81. Kd4 Kc6 82. Kd3 Kc7 83. Kc2 Kc6 84. Kb3 Kc7 85. Kb2 Kc6 86. Kc2 Kc7 87.
Kd3 Kc6 88. Kd4 Kc7 89. Nxf7 Nxf7 90. Kc5 Nd8 91. Ne8+ Kd7 92. Nf6+ Kc7 93. Nh7
Nb7+ 94. Kd4 Nd8 95. Nf8 Kc6 96. Ke3 Kc7 97. Kd3 Kc6 98. Ng6 Kc7 99. Nh4 Kd7
100. Nf3 Nc6 101. Nd2 Nd8 102. Nb3 Kc6 103. Nc5 Kb6 104. Ke3 Ka7 105. a4 bxa4
106. Nxa4 Kb7 107. Kd4 Kc6 108. c4 dxc4 109. Kxc4 Nb7 110. Nc3 a5 111. b5+ Kb6
112. Na4+ Kc7 113. Kd4 Kd7 114. Nb2 Kc7 115. Nc4 Kd7 116. Nb6+ Kc7 117. Nc4 1/2-1/2

[Event "110th ch-GBR 2024"]
[Site "Hull ENG"]
[Date "2024.08.03"]
[Round "8.42"]
[White "Beaumont, Chris R"]
[Black "Verbytski, Oleg"]
[Result "1-0"]
[WhiteTitle "IM"]
[WhiteElo "2198"]
[BlackElo "2076"]
[WhiteFideId "400424"]
[BlackFideId "495506"]
[EventDate "2024.07.27"]

1. Nf3 Nf6 2. c4 e6 3. g3 d5 4. d4 Be7 5. Bg2 O-O 6. O-O dxc4 7. Qc2 a6 8. Qxc4
b5 9. Qc2 Bb7 10. Bd2 Nbd7 11. Ba5 Rc8 12. Nbd2 Qe8 13. b4 Bd6 14. Nb3 e5 15.
Nc5 Bxc5 16. bxc5 Bxf3 17. exf3 exd4 18. f4 Qe7 19. c6 Nb6 20. Bxb6 cxb6 21. a4
Qd6 22. axb5 axb5 23. Qb3 Rfd8 24. Ra7 b4 25. Qxf7+ 1-0

[Event "110th ch-GBR 2024"]
[Site "Hull ENG"]
[Date "2024.08.04"]
[Round "9.1"]
[White "Jones, Gawain C B"]
[Black "Howell, David W L"]
[Result "1/2-1/2"]
[WhiteTitle "GM"]
[BlackTitle "GM"]
[WhiteElo "2640"]
[BlackElo "2675"]
[WhiteFideId "409561"]
[BlackFideId "410608"]
[EventDate "2024.07.27"]

1. c4 c6 2. Nf3 d5 3. g3 g6 4. Bg2 Bg7 5. d4 Nf6 6. O-O O-O 7. Nc3 dxc4 8. e4
Bg4 9. Qe2 e5 10. dxe5 Nfd7 11. Qxc4 Bxf3 12. Bxf3 Nxe5 13. Qe2 Nxf3+ 14. Qxf3
Nd7 15. Be3 Qe7 16. Rad1 Rfd8 17. Qe2 b5 18. Bd4 Ne5 19. Kg2 Qb4 20. Bxe5 Bxe5
21. Rxd8+ Rxd8 22. Rc1 a5 23. f4 Bxc3 24. Rxc3 Rd4 25. e5 Qe7 26. Rxc6 Qb7 27.
Qf3 Rd2+ 28. Kh1 Qd7 29. Rd6 Rxd6 30. exd6 Qxd6 31. Qa8+ Kg7 32. Qxa5 Qd5+ 33.
Kg1 Qd4+ 34. Kf1 Qd3+ 35. Kf2 Qd4+ 36. Ke2 Qxb2+ 37. Qd2 Qa1 38. Kd3 Qb1+ 39.
Kd4 h5 40. Kc5 b4 41. Kb5 Kg8 42. Ka4 Qe4 43. Kb3 Qb1+ 44. Qb2 Qe4 45. Qc2 Qe1
46. f5 gxf5 47. Ka4 Qe4 48. Qxe4 fxe4 49. Kxb4 Kf8 50. Kc3 Ke7 51. Kd4 f5 52. h3
Kd6 53. g4 hxg4 54. hxg4 fxg4 55. Kxe4 Kc5 56. Kf4 Kb4 57. a4 Ka5 58. Kxg4 Kb4
59. a5 Kb5 60. a6 Kxa6 1/2-1/2

[Event "110th ch-GBR 2024"]
[Site "Hull ENG"]
[Date "2024.08.04"]
[Round "9.2"]
[White "Palliser, Richard J D"]
[Black "Wadsworth, Matthew J"]
[Result "1/2-1/2"]
[WhiteTitle "IM"]
[BlackTitle "IM"]
[WhiteElo "2369"]
[BlackElo "2456"]
[WhiteFideId "407372"]
[BlackFideId "415804"]
[EventDate "2024.07.27"]

1. Nf3 d5 2. c4 c6 3. d4 Nf6 4. Nc3 dxc4 5. a4 Bf5 6. Ne5 Nbd7 7. Nxc4 Qc7 8. g3
e5 9. dxe5 Nxe5 10. Bf4 Nfd7 11. Bg2 g5 12. Nxe5 gxf4 13. Nxd7 O-O-O 14. Qd4
Qxd7 15. Qxf4 Bd6 16. Qc1 a5 1/2-1/2

[Event "110th ch-GBR 2024"]
[Site "Hull ENG"]
[Date "2024.08.04"]
[Round "9.3"]
[White "Adams, Michael"]
[Black "Royal, Shreyas"]
[Result "1/2-1/2"]
[WhiteTitle "GM"]
[BlackTitle "IM"]
[WhiteElo "2672"]
[BlackElo "2487"]
[WhiteFideId "400041"]
[BlackFideId "448869"]
[EventDate "2024.07.27"]

1. e4 e5 2. Nf3 Nc6 3. Bc4 Bc5 4. d3 Nf6 5. Nc3 h6 6. O-O a6 7. Be3 Bxe3 8. fxe3
d6 9. a3 O-O 10. d4 b5 11. Ba2 Bg4 12. Qd3 Bxf3 13. Rxf3 Ne7 14. Ne2 Qc8 15. Ng3
Qg4 16. Raf1 Qh4 17. c4 bxc4 18. Qxc4 c6 19. Qb4 Rad8 20. h3 a5 21. Qxa5 d5 22.
exd5 exd4 23. dxc6 dxe3 24. Qc5 Ne4 25. Qxe3 Nd2 26. Rxf7 Nxf1 27. Rxe7+ Kh8 28.
Nxf1 Rxf1+ 29. Kxf1 Rd1+ 30. Ke2 Re1+ 31. Kd3 Rxe3+ 32. Rxe3 Qh5 33. Kd4 Qd1+
34. Rd3 Qa4+ 35. Ke5 Qb5+ 36. Rd5 Qxb2+ 37. Kd6 Qxa3+ 38. Rc5 Qxa2 39. c7 Qa6+
40. Kd7 Qd3+ 41. Ke6 1/2-1/2

[Event "110th ch-GBR 2024"]
[Site "Hull ENG"]
[Date "2024.08.04"]
[Round "9.4"]
[White "McShane, Luke J"]
[Black "Merry, Alan B"]
[Result "1-0"]
[WhiteTitle "GM"]
[BlackTitle "IM"]
[WhiteElo "2617"]
[BlackElo "2423"]
[WhiteFideId "404853"]
[BlackFideId "418811"]
[EventDate "2024.07.27"]

1. e4 c6 2. d4 d5 3. e5 Bf5 4. Nd2 e6 5. Nb3 Nd7 6. Nf3 h6 7. Be2 Ne7 8. O-O g5
9. a4 Bg7 10. a5 O-O 11. Bd2 b6 12. Bb4 c5 13. dxc5 Nc6 14. Ba3 bxa5 15. Nbd4
Ndxe5 16. Nxf5 exf5 17. c3 Re8 18. Qa4 Qc7 19. Rad1 Rad8 20. g3 f4 21. Nd4 Nxd4
22. cxd4 f3 23. Bb5 Qc8 24. Rfe1 Nc6 25. Bf1 Rxe1 26. Rxe1 Bxd4 27. Qd1 g4 28.
Bb5 Bg7 29. b3 Bc3 30. Rf1 Nd4 31. Bd3 Re8 32. Kh1 Qe6 33. Qc1 Bb4 34. Bxb4 axb4
35. Qf4 Ne2 36. Qxb4 h5 37. Qd2 Qf6 38. Bb5 Re5 39. c6 Qd6 40. Qc2 Qc7 41. h4 d4
42. Bc4 Kg7 43. Bxf7 d3 44. Qxd3 Qxf7 45. Rd1 Re7 46. Kh2 Qf6 47. Qc4 Qe6 48.
Qc5 Rc7 49. Rd6 Qe7 50. Qd5 Nf4 51. Qd4+ 1-0

[Event "110th ch-GBR 2024"]
[Site "Hull ENG"]
[Date "2024.08.04"]
[Round "9.5"]
[White "Bazakutsa, Svyatoslav"]
[Black "Conquest, Stuart C"]
[Result "1/2-1/2"]
[WhiteTitle "IM"]
[BlackTitle "GM"]
[WhiteElo "2490"]
[BlackElo "2510"]
[WhiteFideId "14198525"]
[BlackFideId "400181"]
[EventDate "2024.07.27"]

1. c4 Nf6 2. Nc3 e5 3. Nf3 Nc6 4. e4 Bb4 5. d3 d6 6. a3 Bxc3+ 7. bxc3 h6 8. Be2
O-O 9. O-O b6 10. Ne1 Bb7 11. f4 exf4 12. Bxf4 Nh7 13. Bg3 Ne7 14. Bh4 Qe8 15.
Nc2 f5 16. Bxe7 Qxe7 17. exf5 Ng5 18. Qd2 d5 19. cxd5 Qc5+ 20. Nd4 Qxd5 21. Qa2
Qxa2 22. Rxa2 c5 23. Nc2 Rad8 24. Raa1 Bc6 25. Rae1 Nh7 26. Rf4 Nf6 27. d4 Rfe8
28. Bc4+ Bd5 29. dxc5 bxc5 30. Kf1 Kf8 31. Rxe8+ Rxe8 32. Bd3 Rd8 33. Ne1 Bc6
34. Kg1 Rb8 35. Bc2 Rb2 36. Rc4 Nd7 37. Rf4 Nf6 38. h3 Ra2 39. a4 Ke7 40. Rf2
Ra1 41. Re2+ Kf8 42. Kh2 c4 43. Kg3 Ra3 44. Re3 Nd5 45. Re6 Rxc3+ 46. Nf3 Be8
47. Be4 Nf6 48. Kf4 Ra3 49. Bc6 Nh5+ 50. Ke4 Ng3+ 51. Kf4 Nh5+ 52. Ke4 Ng3+ 53.
Kf4 Nh5+ 54. Ke4 1/2-1/2

[Event "110th ch-GBR 2024"]
[Site "Hull ENG"]
[Date "2024.08.04"]
[Round "9.6"]
[White "Ghasi, Ameet K"]
[Black "Han, Yichen"]
[Result "1/2-1/2"]
[WhiteTitle "IM"]
[BlackTitle "IM"]
[WhiteElo "2495"]
[BlackElo "2414"]
[WhiteFideId "409200"]
[BlackFideId "1054430"]
[EventDate "2024.07.27"]

1. Nf3 d5 2. g3 Nc6 3. d4 Bf5 4. Bg2 Nb4 5. Na3 e6 6. c3 Nc6 7. Nh4 Bxa3 8. Nxf5
exf5 9. bxa3 Na5 10. g4 fxg4 11. e4 dxe4 12. Qxg4 Nf6 13. Qg5 Nc6 14. Rg1 Qe7
15. Bh3 g6 16. Rb1 O-O 17. Rb5 e3 18. fxe3 Qd6 19. Qg3 Ne4 20. Qxd6 Nxd6 21. Rc5
Ne4 22. Rc4 Nd6 23. Rc5 1/2-1/2

[Event "110th ch-GBR 2024"]
[Site "Hull ENG"]
[Date "2024.08.04"]
[Round "9.7"]
[White "Czopor, Maciej"]
[Black "Grieve, Harry"]
[Result "1-0"]
[WhiteTitle "FM"]
[BlackTitle "IM"]
[WhiteElo "2361"]
[BlackElo "2477"]
[WhiteFideId "21805431"]
[BlackFideId "426520"]
[EventDate "2024.07.27"]

1. e4 c5 2. Nf3 e6 3. c3 Nf6 4. Bd3 d5 5. e5 Nfd7 6. Bc2 c4 7. d4 cxd3 8. Bxd3
Nc6 9. Bf4 Be7 10. h3 f6 11. exf6 Nxf6 12. O-O O-O 13. Nbd2 Nh5 14. Bh2 Nf4 15.
Bxf4 Rxf4 16. Qe2 Bd6 17. c4 Rf8 18. Rad1 Kh8 19. Bb1 g6 20. Nb3 Bc7 21. Nc5 Qd6
22. Ne4 Qf4 23. cxd5 exd5 24. Rxd5 Be6 25. Rdd1 Rae8 26. Qd2 Bxh3 27. Qxf4 Rxf4
28. gxh3 Rxf3 29. Rd7 Bb6 30. Kg2 Rf4 31. f3 Nd4 32. Rxb7 Nf5 33. Rc1 h5 34. Rc3
h4 35. Bd3 Ne3+ 36. Kh1 1-0

[Event "110th ch-GBR 2024"]
[Site "Hull ENG"]
[Date "2024.08.04"]
[Round "9.8"]
[White "Gasanov, Eldar"]
[Black "Wells, Peter K"]
[Result "0-1"]
[WhiteTitle "GM"]
[BlackTitle "GM"]
[WhiteElo "2469"]
[BlackElo "2364"]
[WhiteFideId "14104466"]
[BlackFideId "400327"]
[EventDate "2024.07.27"]

1. d4 Nf6 2. c4 e6 3. Nc3 Bb4 4. Qc2 O-O 5. Nf3 d5 6. cxd5 Qxd5 7. Bd2 Bxc3 8.
Bxc3 b6 9. g3 Bb7 10. Bg2 c5 11. O-O cxd4 12. Bxd4 Nbd7 13. Rfd1 Rac8 14. Qa4
Qc6 15. Qa3 a5 16. b4 axb4 17. Qxb4 Nd5 18. Qb2 f6 19. Rac1 Qa4 20. Bh3 Kf7 21.
e4 Ne7 22. Bxb6 Bxe4 23. Nd4 Bd5 24. Qe2 Qxa2 25. Qh5+ Kg8 26. Bc7 Ne5 27. Ra1
Qb2 28. Rab1 Qa2 29. Ra1 Qb2 30. Bxe6+ Bxe6 31. Nxe6 g6 32. Qh6 Nf5 33. Qf4 Rfe8
34. Rdb1 Qe2 35. Nc5 Rxc7 36. Ne4 Nf3+ 37. Kg2 Qxe4 38. Qxc7 N3h4+ 0-1

[Event "110th ch-GBR 2024"]
[Site "Hull ENG"]
[Date "2024.08.04"]
[Round "9.10"]
[White "Lutsko, Artem"]
[Black "Trent, Lawrence"]
[Result "1-0"]
[WhiteTitle "IM"]
[BlackTitle "IM"]
[WhiteElo "2414"]
[BlackElo "2416"]
[WhiteFideId "14188767"]
[BlackFideId "408638"]
[EventDate "2024.07.27"]

1. e4 e6 2. d4 d5 3. Nc3 a6 4. Nf3 Bb4 5. e5 Bd7 6. Bd3 Bb5 7. O-O Bxd3 8. Qxd3
Bxc3 9. Qxc3 Ne7 10. a4 a5 11. b3 Nbc6 12. Qd3 h6 13. c3 g5 14. Ne1 Ng6 15. f4
gxf4 16. Bxf4 Qd7 17. Nc2 O-O-O 18. Ne3 Rdg8 19. Ng4 Rg7 20. Bxh6 Ngxe5 21. Nxe5
Nxe5 22. Bxg7 Nxd3 23. Bxh8 c5 24. Rf3 c4 25. Bf6 b5 26. h4 b4 27. cxb4 axb4 28.
Raf1 Qe8 29. Rg3 e5 30. dxe5 Qf8 31. Bg7 Qc5+ 32. Kh2 Qd4 33. e6 Qc5 1-0

[Event "110th ch-GBR 2024"]
[Site "Hull ENG"]
[Date "2024.08.04"]
[Round "9.11"]
[White "Motwani, Paul"]
[Black "Balaji, Aaravamudhan"]
[Result "1/2-1/2"]
[WhiteTitle "GM"]
[BlackTitle "FM"]
[WhiteElo "2414"]
[BlackElo "2316"]
[WhiteFideId "2400022"]
[BlackFideId "436224"]
[EventDate "2024.07.27"]

1. e4 g6 2. d4 Bg7 3. Nc3 d6 4. Nf3 Nf6 5. Bg5 O-O 6. h3 c5 7. dxc5 Qa5 8. Bd3
Qxc5 9. O-O Nc6 10. Re1 Nd7 11. Bd2 Nb6 12. a3 Be6 13. b4 Qh5 14. Ne2 Ne5 15.
Nxe5 Bxe5 16. c3 Rac8 17. Qc2 Nc4 18. Bf4 Bg7 19. Bg3 Ne5 20. Nf4 Qg5 21. Be2
Bc4 22. Rad1 h5 23. Kh1 Qf6 24. Bxc4 Nxc4 25. Nd5 Qe6 26. a4 Kh8 27. a5 Rc6 28.
f4 Qd7 29. e5 e6 30. Nf6 Bxf6 31. exf6 Qd8 32. Bh4 d5 33. f5 exf5 34. Re7 f4 35.
Qf2 Qd6 36. Rd4 Ne3 37. Rxf4 Nd1 38. Qd2 Kh7 39. Rf3 Nxc3 40. Rxc3 Qxb4 41. Be1
Rxf6 42. Qe2 Qd6 43. Rxb7 Re8 44. Bg3 Qxg3 45. Rxg3 Rxe2 46. Rxa7 Rf1+ 47. Kh2
Ree1 48. Rf3 Rxf3 49. gxf3 Kg7 50. Rd7 Rd1 51. a6 Ra1 52. Rxd5 Rxa6 53. Kg3 Kf6
54. h4 Ke6 55. Rb5 Rd6 56. Ra5 Rd5 57. Ra7 f6 58. Ra8 Kf5 59. Rb8 Ra5 60. Rc8
Rb5 61. Ra8 Re5 62. Rb8 Re1 63. Rb5+ Ke6 64. Rb6+ Kf7 65. Rb7+ Re7 66. Rb6 Kg7
67. Ra6 Re5 68. Ra7+ Kh6 69. Rf7 Re6 70. f4 Ra6 71. Kf3 Rb6 72. Kg3 Rb3+ 73. Kg2
Rb6 74. Kg3 Rc6 75. Kg2 f5 76. Ra7 Rc8 77. Kf3 Rg8 78. Rb7 Re8 79. Ra7 Re1 80.
Kg2 Re3 81. Rb7 Rc3 82. Ra7 Rc8 83. Rb7 Rg8 84. Kf3 Rg7 85. Rxg7 Kxg7 86. Ke3
Kf7 87. Kd4 Ke6 88. Kc4 Ke7 89. Kd5 Kd7 90. Ke5 Ke7 91. Kd5 Kd7 92. Ke5 Ke7 1/2-1/2

[Event "110th ch-GBR 2024"]
[Site "Hull ENG"]
[Date "2024.08.04"]
[Round "9.12"]
[White "Kanyamarala, Tarun"]
[Black "Pert, Richard G"]
[Result "1-0"]
[WhiteTitle "IM"]
[BlackTitle "IM"]
[WhiteElo "2337"]
[BlackElo "2415"]
[WhiteFideId "45004714"]
[BlackFideId "404748"]
[EventDate "2024.07.27"]

1. d4 d5 2. c4 e6 3. Nc3 a6 4. cxd5 exd5 5. Nf3 Nf6 6. Qb3 Be7 7. Bg5 c6 8. e3
O-O 9. Bd3 Nbd7 10. Qc2 Re8 11. O-O Nf8 12. h3 Ne4 13. Bf4 Ng5 14. Nxg5 Bxg5 15.
Bh2 Be7 16. Na4 Bd6 17. Bxd6 Qxd6 18. Rab1 Rb8 19. b4 Qh6 20. Nb6 Be6 21. a4 Ng6
22. Rbe1 Qh4 23. f4 Bc8 24. Re2 Qd8 25. a5 Nf8 26. Rf3 Qd6 27. Qb1 Re7 28. Kh1
Bd7 29. Na4 Rbe8 30. Nc5 Bc8 31. Qe1 Qh6 32. f5 Nd7 33. Nxd7 Bxd7 34. f6 gxf6
35. Qg3+ Kh8 36. Qd6 Be6 37. Ref2 Rd7 38. Qh2 f5 39. Qe5+ Qg7 40. Rxf5 Qxe5 41.
Rxe5 h6 42. Rf3 Kg7 43. Rg3+ Kf6 44. Rh5 Rh8 45. Rh4 Rdd8 46. Kg1 Ke7 47. Kf2
Rb8 48. e4 dxe4 49. Bxe4 Rbd8 50. Ke3 Rd6 51. Rg7 Kf6 52. Rh7 Rxh7 53. Bxh7 Kg7
54. Be4 Bd5 55. Rh5 Be6 56. g4 Rd8 57. Kd3 Ba2 58. Bf3 Bb1+ 59. Ke3 Ba2 60. Kd3
Be6 61. Kc3 Rd6 62. Be4 Ba2 63. Bd3 Bd5 64. Bc4 Be4 65. Re5 Bg2 66. Re7 Rf6 67.
Rxb7 Bxh3 68. Bxa6 Bxg4 69. Bc4 Bf3 70. a6 c5 71. bxc5 h5 72. d5 Bxd5 73. Bxd5
Rxa6 74. Rxf7+ Kg6 75. Rf1 h4 76. c6 1-0

[Event "110th ch-GBR 2024"]
[Site "Hull ENG"]
[Date "2024.08.04"]
[Round "9.13"]
[White "Ledger, Dave J"]
[Black "Derakhshani, Borna"]
[Result "1/2-1/2"]
[WhiteTitle "FM"]
[BlackTitle "FM"]
[WhiteElo "2201"]
[BlackElo "2351"]
[WhiteFideId "401986"]
[BlackFideId "12518450"]
[EventDate "2024.07.27"]

1. e4 c6 2. d4 d5 3. e5 Bf5 4. h4 h5 5. Bd3 Bxd3 6. Qxd3 Qa5+ 7. Bd2 Qa6 8. e6
Qxd3 9. exf7+ Kxf7 10. cxd3 Nd7 11. Nf3 Nh6 12. Nc3 Re8 13. Bf4 e6 14. O-O Be7
15. Rfe1 Nf5 16. g3 Bf6 17. Be5 Nxe5 18. dxe5 Be7 19. Ne2 c5 20. Nf4 g6 21. Kg2
Rc8 22. Rac1 b5 23. Kh3 c4 24. Red1 Rhd8 25. dxc4 bxc4 26. Ne2 Rb8 27. Rc2 Rb6
28. Ned4 Nxd4 29. Nxd4 Bc5 30. b3 Bxd4 31. Rxd4 cxb3 32. Rc7+ Ke8 33. axb3 Rd7 1/2-1/2

[Event "110th ch-GBR 2024"]
[Site "Hull ENG"]
[Date "2024.08.04"]
[Round "9.14"]
[White "Ledger, Andrew J"]
[Black "Badacsonyi, Stanley"]
[Result "1-0"]
[WhiteTitle "IM"]
[BlackTitle "CM"]
[WhiteElo "2334"]
[BlackElo "2178"]
[WhiteFideId "400610"]
[BlackFideId "486973"]
[EventDate "2024.07.27"]

1. d4 Nf6 2. c4 g6 3. Nc3 Bg7 4. e4 d6 5. Nf3 O-O 6. Be2 e5 7. O-O Nc6 8. d5 Ne7
9. b4 a5 10. Ba3 axb4 11. Bxb4 b6 12. a4 Ne8 13. h3 Bd7 14. Re1 h6 15. Qd3 c5
16. dxc6 Nxc6 17. Bxd6 Nxd6 18. Qxd6 Re8 19. Nd5 Ra7 20. Rab1 Re6 21. Qa3 Nd4
22. Nxd4 exd4 23. Bg4 Bf8 24. Qf3 Rc6 25. Bxd7 Rxd7 26. e5 Kg7 27. Re4 Bc5 28.
Rbe1 Rxd5 29. Rf4 Rd7 30. Qxc6 d3 31. Qf6+ Qxf6 32. exf6+ Kh7 33. Rd1 g5 34. Rf5
Rd4 35. a5 Kg6 36. g4 Rxc4 37. axb6 Bxb6 38. Rxd3 Rc6 39. Kg2 Bc7 40. Rdd5 Rxf6
41. Rxf6+ Kxf6 42. Rc5 Be5 43. Rc6+ Kg7 44. Kf3 Bd4 45. Rc2 Kg6 46. Ke4 Ba7 47.
Rc6+ f6 48. f3 Bb8 49. Rc8 Be5 50. Re8 Bg3 51. Re6 Bh2 52. Kd5 Bf4 53. Ra6 Be5
54. Ke6 h5 55. Ra8 hxg4 56. hxg4 Kg7 57. Kf5 Bd4 58. Rd8 Be5 59. Rd7+ Kf8 60.
Kg6 1-0

[Event "110th ch-GBR 2024"]
[Site "Hull ENG"]
[Date "2024.08.04"]
[Round "9.15"]
[White "Wu, Li"]
[Black "Khoury, Theo"]
[Result "1-0"]
[WhiteTitle "FM"]
[WhiteElo "2328"]
[BlackElo "2113"]
[WhiteFideId "411086"]
[BlackFideId "480703"]
[EventDate "2024.07.27"]

1. Nf3 d5 2. g3 Nd7 3. Bg2 e5 4. d3 Ngf6 5. O-O Bd6 6. c4 c6 7. cxd5 cxd5 8. e4
d4 9. a4 b6 10. Na3 Ba6 11. Nb5 Be7 12. Bd2 O-O 13. Bh3 Re8 14. b4 Bxb5 15. axb5
Qc7 16. Qb3 h6 17. Rfc1 Qb7 18. Rc6 Bd8 19. Nh4 a6 20. Qa4 Be7 21. bxa6 Rxa6 22.
Qxa6 Qxc6 23. Rc1 Ra8 24. b5 Qxc1+ 25. Bxc1 Rxa6 26. bxa6 b5 27. a7 Nb6 28. f4
b4 29. Nf3 Ne8 30. Bd7 Nc7 31. Bc6 f6 32. fxe5 fxe5 33. Nxe5 b3 34. Bb2 Bb4 35.
Nc4 Nxc4 36. Bd5+ Kf8 37. Bxc4 Bc5 38. Bxb3 Bxa7 39. Ba3+ Ke8 40. Kg2 Na6 41.
Bc4 Bc5 42. Bb2 Nb4 43. Kf3 Ke7 44. e5 Nc2 45. Ke4 Ne3 46. Bxd4 Bxd4 47. Kxd4
Nf1 48. Ke4 Nxh2 49. d4 Ng4 50. d5 1-0

[Event "110th ch-GBR 2024"]
[Site "Hull ENG"]
[Date "2024.08.04"]
[Round "9.16"]
[White "Taylor, Adam A"]
[Black "Villiers, Thomas"]
[Result "1/2-1/2"]
[BlackTitle "CM"]
[WhiteElo "2281"]
[BlackElo "2229"]
[WhiteFideId "415790"]
[BlackFideId "427209"]
[EventDate "2024.07.27"]

1. Nf3 Nf6 2. b3 d5 3. Bb2 e6 4. e3 c5 5. Bb5+ Bd7 6. a4 Be7 7. O-O a6 8. Bxd7+
Nbxd7 9. d3 b5 10. Nbd2 O-O 11. e4 Qc7 12. Qe2 d4 13. Rfc1 e5 14. c3 Qb7 15.
axb5 axb5 16. b4 Rxa1 17. Rxa1 Ra8 18. bxc5 Rxa1+ 19. Bxa1 Qa7 20. Qf1 dxc3 21.
Bxc3 Qxc5 22. Qa1 Ng4 23. d4 exd4 24. Bxd4 Bf6 25. Qa8+ Qf8 26. Qc6 Nde5 27.
Bxe5 Nxe5 28. Qxb5 Nxf3+ 29. Nxf3 Qd8 30. g4 h6 31. Kg2 Kf8 32. e5 Be7 33. Qc4
Qd7 34. Kg3 Kg8 35. h4 Bd8 36. h5 Bc7 37. Qc5 f6 38. Kh3 Qd3 39. Kg2 Bxe5 40.
Nxe5 Qe4+ 41. Kg3 fxe5 42. Qc8+ Kf7 43. Qd7+ 1/2-1/2

[Event "110th ch-GBR 2024"]
[Site "Hull ENG"]
[Date "2024.08.04"]
[Round "9.17"]
[White "Willow, Jonah B"]
[Black "Sivanandan, Bodhana"]
[Result "1-0"]
[WhiteTitle "IM"]
[BlackTitle "WFM"]
[WhiteElo "2416"]
[BlackElo "2185"]
[WhiteFideId "438804"]
[BlackFideId "497592"]
[EventDate "2024.07.27"]

1. e4 c6 2. d4 d5 3. e5 Bf5 4. Nf3 e6 5. Be2 c5 6. Be3 Qb6 7. Nc3 Nc6 8. Na4
Qa5+ 9. c3 c4 10. b4 Qd8 11. O-O h6 12. Qd2 Nge7 13. Nh4 Bh7 14. g4 Ng6 15. Ng2
Be7 16. f4 Nh4 17. Nxh4 Bxh4 18. f5 Bg5 19. Nc5 Bxe3+ 20. Qxe3 Qe7 21. f6 gxf6
22. exf6 Qc7 23. Nxe6 fxe6 24. Qxe6+ Kf8 25. Qxd5 Nd8 26. Rae1 Bg8 27. Qe4 Bf7
28. d5 Rc8 29. Bd1 b5 30. Qe7+ Kg8 31. g5 Qxe7 32. fxe7 Nb7 33. Bg4 Re8 34. Bd7
Nd6 35. Bxe8 Nxe8 36. Rd1 Nd6 37. Rf6 Nc8 38. d6 Kg7 39. Rxh6 Rxh6 40. gxh6+
Kxh6 41. d7 Nxe7 42. d8=Q Nf5 43. Qf6+ Bg6 44. Rd8 Kh7 45. Rh8# 1-0